<?xml version="1.0" encoding="UTF-8"?>
<record
    xmlns:xsi="http://www.w3.org/2001/XMLSchema-instance"
    xsi:schemaLocation="http://www.loc.gov/MARC21/slim http://www.loc.gov/standards/marcxml/schema/MARC21slim.xsd"
    xmlns="http://www.loc.gov/MARC21/slim">

  <leader>00523nam a2200193Ia 4500</leader>
  <controlfield tag="003">OSt</controlfield>
  <controlfield tag="005">20240103120902.0</controlfield>
  <controlfield tag="008">230314s9999    xx            000 0 und d</controlfield>
  <datafield tag="020" ind1=" " ind2=" ">
    <subfield code="a">978-93-90619-65-8</subfield>
  </datafield>
  <datafield tag="041" ind1=" " ind2=" ">
    <subfield code="a">eng</subfield>
  </datafield>
  <datafield tag="082" ind1=" " ind2=" ">
    <subfield code="a">A 611 GAR B09821</subfield>
  </datafield>
  <datafield tag="100" ind1=" " ind2=" ">
    <subfield code="a">Garg Krishna Ed.</subfield>
  </datafield>
  <datafield tag="245" ind1=" " ind2=" ">
    <subfield code="a">B D Chaurasias Applied Anatomy and Physiology for BSc Nursing Students</subfield>
  </datafield>
  <datafield tag="260" ind1=" " ind2=" ">
    <subfield code="b">CBS Publishers &amp; Distributors</subfield>
    <subfield code="a">New Delhi</subfield>
    <subfield code="c">2022</subfield>
  </datafield>
  <datafield tag="300" ind1=" " ind2=" ">
    <subfield code="a">738p</subfield>
  </datafield>
  <datafield tag="906" ind1=" " ind2=" ">
    <subfield code="b">BSC</subfield>
  </datafield>
  <datafield tag="942" ind1=" " ind2=" ">
    <subfield code="2">ddc</subfield>
    <subfield code="c">BK</subfield>
  </datafield>
  <datafield tag="999" ind1=" " ind2=" ">
    <subfield code="c">142511</subfield>
    <subfield code="d">142511</subfield>
  </datafield>
  <datafield tag="952" ind1=" " ind2=" ">
    <subfield code="0">0</subfield>
    <subfield code="1">0</subfield>
    <subfield code="4">0</subfield>
    <subfield code="7">0</subfield>
    <subfield code="8">A</subfield>
    <subfield code="a">BTIN</subfield>
    <subfield code="b">BTIN</subfield>
    <subfield code="d">2022-12-17</subfield>
    <subfield code="e">Patil Medical Book House</subfield>
    <subfield code="g">1395.00</subfield>
    <subfield code="i">7413</subfield>
    <subfield code="l">26</subfield>
    <subfield code="m">18</subfield>
    <subfield code="o">A 611 GAR B09822</subfield>
    <subfield code="p">BTIN-BK-9822</subfield>
    <subfield code="q">2026-04-07</subfield>
    <subfield code="r">2026-03-25 16:59:46</subfield>
    <subfield code="s">2026-03-25</subfield>
    <subfield code="v">920.70</subfield>
    <subfield code="w">2022-12-15</subfield>
    <subfield code="y">BK</subfield>
    <subfield code="z">B09822</subfield>
  </datafield>
  <datafield tag="952" ind1=" " ind2=" ">
    <subfield code="0">0</subfield>
    <subfield code="1">0</subfield>
    <subfield code="4">0</subfield>
    <subfield code="7">0</subfield>
    <subfield code="8">A</subfield>
    <subfield code="a">BTIN</subfield>
    <subfield code="b">BTIN</subfield>
    <subfield code="d">2022-12-17</subfield>
    <subfield code="e">Patil Medical Book House</subfield>
    <subfield code="g">1395.00</subfield>
    <subfield code="i">7413</subfield>
    <subfield code="l">23</subfield>
    <subfield code="m">23</subfield>
    <subfield code="o">A 611 GAR B09823</subfield>
    <subfield code="p">BTIN-BK-9823</subfield>
    <subfield code="r">2026-03-18 15:26:01</subfield>
    <subfield code="s">2026-02-25</subfield>
    <subfield code="v">920.70</subfield>
    <subfield code="w">2022-12-15</subfield>
    <subfield code="y">BK</subfield>
    <subfield code="z">B09823</subfield>
  </datafield>
  <datafield tag="952" ind1=" " ind2=" ">
    <subfield code="0">0</subfield>
    <subfield code="1">0</subfield>
    <subfield code="4">0</subfield>
    <subfield code="7">0</subfield>
    <subfield code="8">A</subfield>
    <subfield code="a">BTIN</subfield>
    <subfield code="b">BTIN</subfield>
    <subfield code="d">2022-12-17</subfield>
    <subfield code="e">Patil Medical Book House</subfield>
    <subfield code="g">1395.00</subfield>
    <subfield code="i">7413</subfield>
    <subfield code="l">26</subfield>
    <subfield code="m">21</subfield>
    <subfield code="o">A 611 GAR B09824</subfield>
    <subfield code="p">BTIN-BK-9824</subfield>
    <subfield code="r">2026-03-23 11:40:16</subfield>
    <subfield code="s">2026-03-18</subfield>
    <subfield code="v">920.70</subfield>
    <subfield code="w">2022-12-15</subfield>
    <subfield code="y">BK</subfield>
    <subfield code="z">B09824</subfield>
  </datafield>
  <datafield tag="952" ind1=" " ind2=" ">
    <subfield code="0">0</subfield>
    <subfield code="1">0</subfield>
    <subfield code="4">0</subfield>
    <subfield code="7">0</subfield>
    <subfield code="8">A</subfield>
    <subfield code="a">BTIN</subfield>
    <subfield code="b">BTIN</subfield>
    <subfield code="d">2022-12-17</subfield>
    <subfield code="e">Patil Medical Book House</subfield>
    <subfield code="g">1395.00</subfield>
    <subfield code="i">7413</subfield>
    <subfield code="l">18</subfield>
    <subfield code="m">12</subfield>
    <subfield code="o">A 611 GAR B09825</subfield>
    <subfield code="p">BTIN-BK-9825</subfield>
    <subfield code="q">2024-12-17</subfield>
    <subfield code="r">2024-12-03 00:00:00</subfield>
    <subfield code="s">2024-12-03</subfield>
    <subfield code="v">920.70</subfield>
    <subfield code="w">2022-12-15</subfield>
    <subfield code="y">BK</subfield>
    <subfield code="z">B09825</subfield>
  </datafield>
  <datafield tag="952" ind1=" " ind2=" ">
    <subfield code="0">0</subfield>
    <subfield code="1">0</subfield>
    <subfield code="2">ddc</subfield>
    <subfield code="4">0</subfield>
    <subfield code="7">0</subfield>
    <subfield code="a">BTIN</subfield>
    <subfield code="b">BTIN</subfield>
    <subfield code="d">2023-12-11</subfield>
    <subfield code="e">Varad Enterprises</subfield>
    <subfield code="g">1395.00</subfield>
    <subfield code="i">79</subfield>
    <subfield code="l">19</subfield>
    <subfield code="m">8</subfield>
    <subfield code="o">A611 GAR B10398</subfield>
    <subfield code="p">BTIN-BK-10398</subfield>
    <subfield code="r">2026-03-18 10:55:55</subfield>
    <subfield code="s">2026-03-11</subfield>
    <subfield code="t">34%</subfield>
    <subfield code="v">920.70</subfield>
    <subfield code="w">2023-12-08</subfield>
    <subfield code="y">BK</subfield>
    <subfield code="z">BTIN-BK10398</subfield>
  </datafield>
  <datafield tag="952" ind1=" " ind2=" ">
    <subfield code="0">0</subfield>
    <subfield code="1">0</subfield>
    <subfield code="2">ddc</subfield>
    <subfield code="4">0</subfield>
    <subfield code="7">0</subfield>
    <subfield code="a">BTIN</subfield>
    <subfield code="b">BTIN</subfield>
    <subfield code="d">2023-12-11</subfield>
    <subfield code="e">Varad Enterprises</subfield>
    <subfield code="g">1395.00</subfield>
    <subfield code="i">79</subfield>
    <subfield code="l">21</subfield>
    <subfield code="m">5</subfield>
    <subfield code="o">A611 GAR B10399</subfield>
    <subfield code="p">BTIN-BK-10399</subfield>
    <subfield code="q">2026-04-07</subfield>
    <subfield code="r">2026-03-27 15:43:42</subfield>
    <subfield code="s">2026-03-27</subfield>
    <subfield code="t">34%</subfield>
    <subfield code="v">920.70</subfield>
    <subfield code="w">2023-12-08</subfield>
    <subfield code="y">BK</subfield>
    <subfield code="z">BTIN-BK10399</subfield>
  </datafield>
  <datafield tag="952" ind1=" " ind2=" ">
    <subfield code="0">0</subfield>
    <subfield code="1">0</subfield>
    <subfield code="2">ddc</subfield>
    <subfield code="4">0</subfield>
    <subfield code="7">0</subfield>
    <subfield code="a">BTIN</subfield>
    <subfield code="b">BTIN</subfield>
    <subfield code="d">2023-12-11</subfield>
    <subfield code="e">Varad Enterprises</subfield>
    <subfield code="g">1395.00</subfield>
    <subfield code="i">79</subfield>
    <subfield code="l">23</subfield>
    <subfield code="m">9</subfield>
    <subfield code="o">A611 GAR B10400</subfield>
    <subfield code="p">BTIN-BK-10400</subfield>
    <subfield code="q">2026-04-07</subfield>
    <subfield code="r">2026-03-21 10:31:16</subfield>
    <subfield code="s">2026-03-21</subfield>
    <subfield code="t">34%</subfield>
    <subfield code="v">920.70</subfield>
    <subfield code="w">2023-12-08</subfield>
    <subfield code="y">BK</subfield>
    <subfield code="z">BTIN-BK10400</subfield>
  </datafield>
  <datafield tag="952" ind1=" " ind2=" ">
    <subfield code="0">0</subfield>
    <subfield code="1">0</subfield>
    <subfield code="2">ddc</subfield>
    <subfield code="4">0</subfield>
    <subfield code="7">0</subfield>
    <subfield code="a">BTIN</subfield>
    <subfield code="b">BTIN</subfield>
    <subfield code="d">2023-12-11</subfield>
    <subfield code="e">Varad Enterprises</subfield>
    <subfield code="g">1395.00</subfield>
    <subfield code="i">79</subfield>
    <subfield code="l">2</subfield>
    <subfield code="m">1</subfield>
    <subfield code="o">A611 GAR B10401</subfield>
    <subfield code="p">BTIN-BK-10401</subfield>
    <subfield code="q">2024-12-04</subfield>
    <subfield code="r">2024-11-27 00:00:00</subfield>
    <subfield code="s">2024-11-27</subfield>
    <subfield code="t">34%</subfield>
    <subfield code="v">920.70</subfield>
    <subfield code="w">2023-12-08</subfield>
    <subfield code="y">BK</subfield>
    <subfield code="z">BTIN-BK10401</subfield>
  </datafield>
  <datafield tag="952" ind1=" " ind2=" ">
    <subfield code="0">0</subfield>
    <subfield code="1">0</subfield>
    <subfield code="2">ddc</subfield>
    <subfield code="4">0</subfield>
    <subfield code="7">0</subfield>
    <subfield code="a">BTIN</subfield>
    <subfield code="b">BTIN</subfield>
    <subfield code="d">2023-12-11</subfield>
    <subfield code="e">Varad Enterprises</subfield>
    <subfield code="g">1395.00</subfield>
    <subfield code="i">79</subfield>
    <subfield code="l">18</subfield>
    <subfield code="m">11</subfield>
    <subfield code="o">A611 GAR B10402</subfield>
    <subfield code="p">BTIN-BK-10402</subfield>
    <subfield code="r">2026-03-25 16:53:03</subfield>
    <subfield code="s">2026-03-04</subfield>
    <subfield code="t">34%</subfield>
    <subfield code="v">920.70</subfield>
    <subfield code="w">2023-12-08</subfield>
    <subfield code="y">BK</subfield>
    <subfield code="z">BTIN-BK10402</subfield>
  </datafield>
</record>
